| 000 | 00444nam a22001457a 4500 | ||
|---|---|---|---|
| 003 | MACL | ||
| 005 | 20170712121434.0 | ||
| 008 | 170712b xxu||||| |||| 00| 0 eng d | ||
| 040 | _c MACL | ||
| 100 |
_aआयंगर, उषा _968156 |
||
| 245 | _aफिरदौसी की कहानियॉं | ||
| 260 |
_aदिल्ली _bकीन बुक्स _c2017 |
||
| 650 |
_aकहानी _968157 |
||
| 942 |
_2ddc _cHIN |
||
| 999 |
_c56734 _d56734 |
||